Normale Ansicht MARC-Ansicht ISBD

Blitzkrieg (Titelsatznr. 57105)

[ MARC ]
MARC-Details
000 -Satzkennung
Kontrollfeld mit fester Länge 01176nam a2200337 c 4500
001 - Kontrollnummer
Kontrollfeld 810039974
003 - Kontrollnummer Identifier
Kontrollfeld DE-101
005 - Datum und Zeit der letzten Transaktion
Kontrollfeld 20210714145643.0
007 - Feld mit fester Länge zur physischen Beschreibung - Allgemeine Information
Kontrollfeld mit fester Länge tu
008 - Feld mit fester Länge zur physischen Beschreibung - Allgemeine Angaben
Kontrollfeld mit fester Länge 801112s1980 gw ||||| |||| 00||||ger
015 ## - Nummer der Nationalbibliografie
Nummer der Nationalbibliografie 81,A03,0176
Quelle dnb
016 7# - Kontrollnummer der nationalbibliografischen Agentur
Quelle DE-101
Datensatzkontrollnummer 810039974
020 ## - Internationale Standardbuchnummer
Internationale Standardbuchnummer 9783404650286
Verknüpfung 978-3-404-65028-6
020 ## - Internationale Standardbuchnummer
Internationale Standardbuchnummer 340465028X
Verknüpfung 3-404-65028-X
035 ## - Systemkontrollnummer
System-Kontrollnummer (DE-599)DNB810039974
035 ## - Systemkontrollnummer
System-Kontrollnummer (OCoLC)551179046
040 ## - Katalogisierungsquelle
Original-Katalogisierungsstelle 1200
Katalogisierungssprache ger
Übertragungsstelle DE-101
041 ## - Sprachcode
Sprachcode des Textes/der Tonspur oder des separaten Titels ger
Sprachcode der Original- und/oder Zwischenübersetzung des Textes eng
100 1# - Haupteintragung - Personenname
IDN des Normdatensatzes oder Standardnummer (DE-588)114558733X
-- https://d-nb.info/gnd/114558733X
-- (DE-101)114558733X
Personenname Messenger, Charles
Datumsangaben in Verbindung mit einem Namen 1941-
Funktionsbezeichnung Verfasser
Funktionsbezeichnungscode aut
240 04 - Einheitstitel
Einheitstitel The art of blitzkrieg
245 10 - Titel
Titel Blitzkrieg
Verfasserangabe etc. Charles Messenger. Aus d. Engl. von Hansheinz Werner
264 #1 - Produktion, Veröffentlichung, Distribution, Herstellung und Urheberrechtsvermerk
Herstellungs-, Veröffentlichungs- Vertriebs-, Erzeugungsort Bergisch Gladbach
Produzent, Herausgeber, Distributor, Hersteller Bastei Lübbe
Datum der Herstellung, der Veröffentlichung, des Vertriebs oder des Urheberschutzvermerks 1980
300 ## - Physische Beschreibung
Umfang 420 Seiten
Andere physische Details zahlreichen Abbildungen
Maße 18 cm
336 ## - Inhaltstyp
Inhaltstypterm Text
Inhaltstypcode txt
Quelle rdacontent
337 ## - Medientyp
Bezeichnung des Medientyps ohne Hilfsmittel zu benutzen
Medientypcode n
Quelle rdamedia
338 ## - Datenträgertyp
Datenträgertypbezeichnung Band
Datenträgertypcode nc
Quelle rdacarrier
490 0# - Gesamttitelangabe
Gesamttitelangabe Bastei Lübbe Taschenbuch
Bandnummer/Folgebezeichnung 65028 : Zeitgeschichte
650 #7 - Nebeneintragung unter einem Schlagwort - Sachschlagwort
Sachschlagwort oder geografischer Name als Eintragungselement Weltkrieg II
Quelle der Ansetzung oder des Terms local
650 #7 - Nebeneintragung unter einem Schlagwort - Sachschlagwort
Sachschlagwort oder geografischer Name als Eintragungselement Blitzkrieg
Quelle der Ansetzung oder des Terms local
942 ## - Zusätzliche Felder (Koha)
Klassifikation oder Aufstellungssystematik Andere/Generische Klassifikation
Koha-Medientyp Monographien
Exemplare
Ausgeschieden Verloren Klassifikation oder Aufstellungssystematik Beschädigt Nicht entleihbar Heimatbibliothek Aufenthaltsbibliothek Aufstellungsort Erwerbungsdatum Inventarnummer Signatur Barcode Letzte Aktivität Preis gültig von Koha-Medientyp
    Andere/Generische Klassifikation     MWN Osteuropa MWN Osteuropa Lesesaal - 1 14/07/2021 21-01459 D 52 rf Mes E00401082D3718AE 14/07/2021 14/07/2021 Monographien